[Event "East Lansing (MOR/1)"]
[Site "?"]
[Date "1991.??.??"]
[Round "?"]
[White "Puryear, Douglas"]
[Black "Davis, Michael"]
[Result "0-1"]
[WhiteElo "1605"]
[BlackElo "1605"]
[PlyCount "100"]
[EventDate "1991.??.??"]

1. e4 c5 2. Nf3 d6 3. Bb5+ Bd7 4. Bc4 e6 5. O-O b5 6. Be2 Nf6 7. d3 Be7 8. Bg5
O-O 9. Nbd2 Nc6 10. Nb3 e5 11. c3 Bg4 12. Bxf6 Bxf6 13. d4 c4 14. dxe5 Nxe5 15.
Nxe5 Bxe2 16. Qxe2 dxe5 17. Nc5 Be7 18. Rad1 Qc7 19. Nd7 Rfd8 20. Qd2 a6 21.
Qd5 Ra7 22. Qxe5 Rxd7 23. Qxc7 Raxc7 24. f4 g6 25. g4 Rxd1 26. Rxd1 Bc5+ 27.
Kg2 Be3 28. Kf3 Bc5 29. e5 Rc6 30. Ke4 Re6 31. f5 Re8 32. Rd7 Bg1 33. h3 Bh2
34. Rd5 gxf5+ 35. gxf5 h5 36. b3 cxb3 37. axb3 Rc8 38. Kd4 f6 39. e6 Be5+ 40.
Kd3 Rxc3+ 41. Ke4 Kf8 42. Rd3 Rxd3 43. Kxd3 a5 44. Kc2 Bd6 45. Kc3 Kg7 46. Kd4
a4 47. bxa4 bxa4 48. Kc3 a3 49. Kb3 h4 50. Ka2 Kh6 0-1

[Event "Detroit (HPO/5/26)"]
[Site "?"]
[Date "1991.??.??"]
[Round "?"]
[White "Puryear, Douglas"]
[Black "Calton, David A"]
[Result "1-0"]
[WhiteElo "1605"]
[BlackElo "1605"]
[PlyCount "99"]
[EventDate "1991.??.??"]

{5/(26)} 1. e4 c5 2. Nc3 Nf6 3. Bc4 d6 4. h3 Bd7 5. Nf3 g6 6. Ng5 e6 7. d3 Bg7
8. Nf3 Bc6 9. Bg5 Nbd7 10. O-O a6 11. Re1 b5 12. Bb3 O-O 13. e5 dxe5 14. Nxe5
Nxe5 15. Rxe5 Qb6 16. Re1 a5 17. a3 b4 18. axb4 cxb4 19. Na4 Bxa4 20. Rxa4 Nh5
21. Be3 Qc6 22. Qc1 e5 23. Bd2 Rfe8 24. Re4 Kh8 25. c3 f5 26. Rc4 Qb7 27. cxb4
axb4 28. Rcxb4 Qd7 29. Qc4 Rxa4 30. Bxa4 Qe7 31. Bxe8 Qxe8 32. Qc7 Qg8 33. Rb8
Bf8 34. Bb4 Bxb4 35. Rxg8+ Kxg8 36. Qb8+ Bf8 37. Qxe5 Kf7 38. Qc3 Nf6 39. b4
Nd5 40. Qc4 Ke6 41. Qc6+ Bd6 42. b5 Nb4 43. Qc4+ Nd5 44. b6 Ke5 45. d4+ Ke4 46.
f3+ Ke3 47. Qxd5 Bf4 48. Qc4 g5 49. Kf1 g4 50. Qc3# 1-0

[Event "Ann Arbor (HVA/5/6)"]
[Site "?"]
[Date "1991.??.??"]
[Round "?"]
[White "Potter, George"]
[Black "Kung, Fred"]
[Result "0-1"]
[WhiteElo "1875"]
[BlackElo "1840"]
[PlyCount "104"]
[EventDate "1991.??.??"]

{5/(6)} 1. e4 e6 2. d4 d5 3. exd5 exd5 4. c4 dxc4 5. Bxc4 Qe7+ 6. Qe2 Nc6 7.
Be3 Nf6 8. Nf3 Bg4 9. O-O O-O-O 10. Rd1 Nb4 11. Na3 Nbd5 12. h3 Bh5 13. Rac1
Qd7 14. Rd3 Bb4 15. Nc2 Ba5 16. a3 Rhe8 17. b4 Bb6 18. Bb3 Nf4 19. Qd1 Nxd3 20.
Qxd3 Bxf3 21. gxf3 Qxh3 22. Ne1 Nd5 23. Bc2 Rd6 24. Qf5+ Qxf5 25. Bxf5+ Kb8 26.
Ng2 Ne7 27. Be4 f5 28. Bb1 Bxd4 29. Bg5 g6 30. Re1 Bf6 31. Bf4 Rd7 32. Bc2 Red8
33. Ba4 Nc6 34. Rc1 a6 35. Rc2 g5 36. Bxc6 bxc6 37. Rxc6 Be7 38. Be5 Kb7 39.
Rh6 Bf8 40. Rf6 f4 41. Rf5 h6 42. Bc3 Rd3 43. Bb2 Rxf3 44. Ne1 Rb3 45. Bf6 Rd1
46. Kf1 Rxa3 47. Bb2 Bxb4 48. Bxa3 Rxe1+ 49. Kg2 Bxa3 50. Rf6 Bc5 51. Rxh6 Re2
52. Kf3 Rxf2+ 0-1

[Event "Ann Arbor (HVA/1/3)"]
[Site "?"]
[Date "1991.??.??"]
[Round "?"]
[White "Potter, George"]
[Black "Christiansen, G."]
[Result "1-0"]
[WhiteElo "1875"]
[BlackElo "1605"]
[PlyCount "67"]
[EventDate "1991.??.??"]

{1/(3)} 1. e4 e5 2. Nf3 Nc6 3. Bc4 Nf6 4. Nc3 Bb4 5. d3 d5 6. exd5 Nxd5 7. Bd2
Be6 8. Bb5 a6 9. Bxc6+ bxc6 10. Nxe5 Ne7 11. O-O O-O 12. Re1 Bd6 13. Qf3 Qe8
14. Re2 Bd5 15. Nxd5 cxd5 16. Ng4 Kh8 17. Rae1 Qd7 18. Ne5 Bxe5 19. Rxe5 Rae8
20. Qe2 Rb8 21. Rxe7 Qd6 22. b3 f6 23. Qg4 Rg8 24. Qe6 Qxe6 25. R1xe6 c5 26.
Rxa6 Ra8 27. Rxa8 Rxa8 28. a4 Rc8 29. a5 Kg8 30. f4 Kf8 31. Rd7 d4 32. a6 h6
33. a7 Ra8 34. Rb7 1-0

[Event "Ann Arbor (MI Inv Pre/4)"]
[Site "?"]
[Date "1991.??.??"]
[Round "?"]
[White "Poschel, Paul"]
[Black "Tsemekhman, Vadim"]
[Result "1/2-1/2"]
[WhiteElo "2325"]
[BlackElo "2435"]
[PlyCount "63"]
[EventDate "1991.??.??"]

1. e4 c5 2. c3 Nf6 3. e5 Nd5 4. d4 cxd4 5. Qxd4 e6 6. Nf3 Nc6 7. Qe4 f5 8. Qe2
Qb6 9. g3 a5 10. Nbd2 Qc7 11. Bg2 b6 12. O-O Ba6 13. c4 Be7 14. b3 Qc8 15. Bb2
O-O 16. Rac1 Rb8 17. a4 Ndb4 18. Nb1 Bb7 19. Nc3 Nd8 20. Nb5 Nf7 21. Rfd1 Be4
22. Ne1 Bxg2 23. Nxg2 Na6 24. Nd6 Nxd6 25. exd6 Bf6 26. Bxf6 gxf6 27. Nf4 Nc5
28. Qe3 Ne4 29. f3 Qc5 30. Qxc5 Nxc5 31. Rc3 Rfc8 32. Nd3 1/2-1/2

[Event "Ann Arbor (MI Inv Pre/2)"]
[Site "?"]
[Date "1991.??.??"]
[Round "?"]
[White "Poschel, Paul"]
[Black "Hahn, David"]
[Result "1/2-1/2"]
[WhiteElo "2325"]
[BlackElo "2280"]
[PlyCount "51"]
[EventDate "1991.??.??"]

1. e4 d6 2. d4 Nf6 3. Nc3 g6 4. f4 Bg7 5. Nf3 c5 6. dxc5 Qa5 7. Bd3 Qxc5 8. Qe2
O-O 9. Be3 Qb4 10. O-O Qxb2 11. Nb5 Ne8 12. Nxa7 Nc6 13. Rab1 Qxa2 14. Nxc8
Rxc8 15. Rxb7 Nf6 16. h3 Rb8 17. Rxb8 Rxb8 18. Re1 Nb4 19. Bd4 Nxd3 20. Qxd3
Nh5 21. Bxg7 Kxg7 22. f5 Rb1 23. Qc3+ Kg8 24. Qc8+ Kg7 25. Qc3+ Kg8 26. Qc8+
1/2-1/2

[Event "East Lansing (MOR/1)"]
[Site "?"]
[Date "1991.??.??"]
[Round "?"]
[White "Pope, Nick"]
[Black "Warren, S."]
[Result "1-0"]
[WhiteElo "1610"]
[BlackElo "1605"]
[PlyCount "87"]
[EventDate "1991.??.??"]

1. e4 e6 2. d4 d5 3. exd5 exd5 4. Nf3 Be7 5. h3 Nc6 6. Bf4 Bf5 7. Bb5 Nf6 8.
Ne5 Bd7 9. O-O Nxe5 10. dxe5 Bxb5 11. exf6 Bxf6 12. Re1+ Kf8 13. c3 c6 14. Nd2
Qb6 15. Nf3 Rd8 16. Qb3 a5 17. a4 Qa6 18. axb5 cxb5 19. Qa3+ b4 20. cxb4 Qc4
21. bxa5+ Kg8 22. Qa4 Qxa4 23. Rxa4 Bxb2 24. Rb1 Bc3 25. Rxb7 d4 26. Nxd4 g6
27. Be5 h5 28. Bxh8 Kxh8 29. Nf3 Rd1+ 30. Kh2 Rf1 31. Rxf7 Rxf2 32. Ng5 Be5+
33. Kg1 Re2 34. Re4 Rxe4 35. Nxe4 h4 36. Nf6 Bxf6 37. Rxf6 g5 38. a6 Kg7 39.
Rb6 g4 40. a7 gxh3 41. a8=Q h2+ 42. Kxh2 Kf7 43. Qa7+ Ke8 44. Rb8# 1-0

[Event "East Lansing (MOR/2)"]
[Site "?"]
[Date "1991.??.??"]
[Round "?"]
[White "Pope, Nick"]
[Black "Rosenberg, Steve"]
[Result "1-0"]
[WhiteElo "1610"]
[BlackElo "1770"]
[PlyCount "139"]
[EventDate "1991.??.??"]

1. e4 Nf6 2. Nc3 d6 3. Nf3 e5 4. d4 Bg4 5. dxe5 Bxf3 6. Qxf3 dxe5 7. Bg5 Be7 8.
Rd1 Nbd7 9. Bc4 O-O 10. Bxf6 Bxf6 11. Qg4 c6 12. Qxd7 Qb6 13. Bb3 Rad8 14. Qg4
Rxd1+ 15. Qxd1 Rd8 16. Qe2 Bg5 17. O-O Rd2 18. Qf3 Bf6 19. Rd1 Qd4 20. Rxd2
Qxd2 21. g3 Qc1+ 22. Kg2 Qxb2 23. Qd3 h6 24. Na4 Qd4 25. Qxd4 exd4 26. Nc5 b6
27. Nd3 c5 28. Bc4 Kf8 29. Bb5 g5 30. Kf3 Bg7 31. Kg4 Ke7 32. Kf5 Kd6 33. f4
gxf4 34. e5+ Ke7 35. gxf4 Bh8 36. h4 Bg7 37. h5 Bf8 38. Ke4 f6 39. Kd5 fxe5 40.
fxe5 Kd8 41. Kc6 Be7 42. Nf4 Bh4 43. Ng6 Bg5 44. Kd6 Kc8 45. e6 Kb7 46. e7
Bxe7+ 47. Nxe7 a6 48. Bc6+ Ka7 49. a4 c4 50. Be4 b5 51. axb5 axb5 52. Kc5 Ka6
53. Kb4 d3 54. cxd3 cxd3 55. Bxd3 Kb6 56. Bxb5 Kc7 57. Nf5 Kd8 58. Kc5 Kc7 59.
Kd5 Kd8 60. Ke6 Kc7 61. Nxh6 Kb6 62. Nf7 Kxb5 63. h6 Kc6 64. h7 Kc7 65. h8=Q
Kb7 66. Qc3 Kb6 67. Kd6 Kb7 68. Qc2 Ka8 69. Kc7 Ka7 70. Qa4# 1-0

[Event "East Lansing (MOR/4)"]
[Site "?"]
[Date "1991.??.??"]
[Round "?"]
[White "Pope, Nick"]
[Black "Jointer, William"]
[Result "1-0"]
[WhiteElo "1610"]
[BlackElo "1750"]
[PlyCount "147"]
[EventDate "1991.??.??"]

1. e4 g6 2. Nf3 Bg7 3. d4 d6 4. Be3 Nf6 5. Nbd2 Ng4 6. Bf4 c5 7. c3 O-O 8. h3
Nf6 9. Bc4 a6 10. a4 Nbd7 11. Ng5 cxd4 12. Nxf7 Rxf7 13. Bxf7+ Kxf7 14. Qb3+ e6
15. cxd4 Nh5 16. Be3 Qb6 17. Qxb6 Nxb6 18. O-O Nd7 19. Rfc1 Nhf6 20. Rc7 Ne8
21. Rc2 b6 22. Rac1 Bb7 23. f3 h6 24. Nb3 g5 25. Bf2 a5 26. Nd2 Ba6 27. Nb1 b5
28. axb5 Bxb5 29. Na3 Bd3 30. Rc6 e5 31. d5 Ke7 32. Nc4 a4 33. Nb6 Nxb6 34.
Rxb6 Ba6 35. Be1 Kd7 36. Bb4 Bf6 37. Rcc6 Bc8 38. Bxd6 Bd8 39. Rb8 Rxb8 40.
Bxb8 Bc7 41. Bxc7 Nxc7 42. Rxh6 Nb5 43. Rb6 a3 44. Rxb5 Ba6 45. Rb3 a2 46. Ra3
Bc4 47. Kf2 Kd6 48. Kg3 Ke7 49. Kg4 Kf6 50. h4 gxh4 51. Kxh4 Kg6 52. g3 Kh6 53.
f4 exf4 54. gxf4 Kg6 55. Kg3 Kh5 56. Kf3 Kh4 57. d6 Be6 58. Rxa2 Bxa2 59. d7
Kh5 60. d8=Q Kh6 61. f5 Kg7 62. Kf4 Kf7 63. Qd5+ Bxd5 64. exd5 Ke7 65. Ke5 Kf7
66. b4 Ke7 67. b5 Kd7 68. b6 Kc8 69. f6 Kd7 70. b7 Ke8 71. b8=Q+ Kf7 72. Qc7+
Kg6 73. Qg7+ Kh5 74. Kf5 1-0

[Event "East Lansing (MOR/7)"]
[Site "?"]
[Date "1991.??.??"]
[Round "?"]
[White "Pope, Nick"]
[Black "Falkowski, Kenneth"]
[Result "1/2-1/2"]
[WhiteElo "1610"]
[BlackElo "1745"]
[PlyCount "97"]
[EventDate "1991.??.??"]

1. e4 e5 2. Nf3 Nf6 3. Nc3 Nc6 4. Bb5 Nd4 5. Nxd4 exd4 6. Nd5 Nxd5 7. exd5 Qe7+
8. Qe2 Qxe2+ 9. Bxe2 g6 10. O-O Bg7 11. d3 O-O 12. Bf4 d6 13. Rfe1 Bd7 14. Bf3
Rfe8 15. Kf1 Be5 16. Bd2 Re7 17. Re2 Rae8 18. Rae1 Bf6 19. Rxe7 Rxe7 20. Rxe7
Bxe7 21. Be2 b5 22. Ba5 Bd8 23. g3 Bh3+ 24. Kg1 Kf8 25. g4 f5 26. f3 Bh4 27.
Bxc7 Ke7 28. Bf1 fxg4 29. Bxh3 gxh3 30. Ba5 h5 31. Bd2 Kd7 32. b3 Bf6 33. f4
Bd8 34. Kf2 Bh4+ 35. Kf3 Ke7 36. Bb4 g5 37. fxg5 Bxg5 38. Kg3 Be3 39. Kxh3 Bg5
40. Kg3 a6 41. Kf3 Bf6 42. h3 Be5 43. Bd2 Kf6 44. Ke4 Kg6 45. Ba5 Bf6 46. Bd2
Bg5 47. Bf4 Bxf4 48. Kxf4 Kf6 49. h4 1/2-1/2

[Event "East Lansing (MOR/4)"]
[Site "?"]
[Date "1991.??.??"]
[Round "?"]
[White "Pointer, Gilbert"]
[Black "Foord, Allan"]
[Result "0-1"]
[WhiteElo "1760"]
[BlackElo "1605"]
[PlyCount "126"]
[EventDate "1991.??.??"]

1. c4 Nf6 2. Nc3 d5 3. cxd5 Nxd5 4. Nf3 g6 5. g3 Bg7 6. Bg2 O-O 7. O-O c5 8.
Qc2 Nb4 9. Qd1 e5 10. d3 N8c6 11. Ng5 h6 12. Nge4 Na6 13. Be3 Nd4 14. Re1 Rb8
15. a3 Be6 16. Rb1 Bb3 17. Qc1 Nc2 18. Rf1 Nxe3 19. Qxe3 b6 20. Nd2 Be6 21. Nb5
Qd7 22. Nc3 Nc7 23. Rfd1 Rbd8 24. Nc4 Qd4 25. Qxd4 exd4 26. Ne4 Rd7 27. Ned2 f5
28. Rbc1 Rfd8 29. Nf3 Re7 30. Nfe5 Bd7 31. Nxg6 Rxe2 32. Nf4 Ree8 33. Nd2 Kh7
34. b4 Ba4 35. Rf1 Bf8 36. Rc4 Bb5 37. Rcc1 Ne6 38. Nxe6 Rxe6 39. Bh3 Bxd3 40.
bxc5 Bxf1 41. Bxf5+ Rg6 42. Bxg6+ Kxg6 43. Kxf1 bxc5 44. Ke2 Kf5 45. h3 Rb8 46.
Kf3 h5 47. g4+ hxg4+ 48. hxg4+ Ke6 49. Re1+ Kd5 50. Kf4 Bd6+ 51. Kf3 c4 52. Ne4
Bxa3 53. Nf6+ Kd6 54. Ke4 Bb2 55. g5 Rb7 56. Kf5 c3 57. Re6+ Kc5 58. Ne4+ Kb4
59. Rc6 d3 60. g6 c2 61. Nc5 Rb5 62. Ke6 Rxc5 63. Rxc5 Kxc5 0-1

[Event "East Lansing (MOR/2)"]
[Site "?"]
[Date "1991.??.??"]
[Round "?"]
[White "Pointer, Gilbert"]
[Black "Cain, B."]
[Result "1-0"]
[WhiteElo "1760"]
[BlackElo "1605"]
[PlyCount "149"]
[EventDate "1991.??.??"]

1. c4 Nf6 2. Nc3 e6 3. Nf3 b6 4. g3 Bb7 5. Bg2 d5 6. O-O Nbd7 7. d3 Be7 8. Bf4
O-O 9. Nb5 c6 10. Nc3 d4 11. Nb1 c5 12. e4 Nh5 13. Bd2 Nhf6 14. a3 Re8 15. b4
e5 16. Nh4 Nf8 17. Nf5 Ng6 18. Nxe7+ Qxe7 19. b5 Bc8 20. h3 Nd7 21. a4 Ndf8 22.
Na3 Ne6 23. Nc2 Rf8 24. Ne1 Ng5 25. Qh5 Ne6 26. Nf3 f6 27. Nh4 Nxh4 28. Qxh4
Bd7 29. a5 Qd8 30. a6 g5 31. Qh5 Be8 32. Qg4 Qe7 33. f4 h5 34. Qe2 Ng7 35. fxg5
fxg5 36. Rxf8+ Kxf8 37. Bf3 Bg6 38. Rf1 Kg8 39. Bc1 Rf8 40. Qd2 Ne6 41. Kg2 Kh7
42. Qe2 Ng7 43. Qd2 Ne6 44. Rf2 h4 45. Bg4 hxg3 46. Kxg3 Nf4 47. Qd1 Kg7 48.
Qf1 Rh8 49. Rh2 Bh5 50. Bxh5 Nxh5+ 51. Kg2 Rf8 52. Qe2 Nf4+ 53. Bxf4 exf4 54.
Kf3 Rf6 55. Rg2 Qf7 56. Rg4 Qh5 57. Qg2 Rg6 58. Kf2 Kh6 59. Kf3 Re6 60. Qh2 Kg7
61. h4 Rg6 62. Qh3 gxh4 63. Kxf4 Rxg4+ 64. Qxg4+ Qxg4+ 65. Kxg4 Kf6 66. Kxh4
Ke6 67. Kg5 Ke5 68. Kg4 Ke6 69. Kf4 Kf6 70. e5+ Ke6 71. Ke4 Kd7 72. Kd5 Kc7 73.
e6 Kd8 74. Kd6 Kc8 75. e7 1-0

[Event "Detroit (HPO/4/39)"]
[Site "?"]
[Date "1991.??.??"]
[Round "?"]
[White "Pettiford, Darnell"]
[Black "Malone, Jamal"]
[Result "1-0"]
[WhiteElo "1605"]
[BlackElo "1605"]
[PlyCount "61"]
[EventDate "1991.??.??"]

{4/(39)} 1. d4 Nf6 2. c4 e6 3. Nc3 Bb4 4. Qc2 Nc6 5. Nf3 d5 6. cxd5 Qxd5 7. Bd2
Nxd4 8. Nxd4 Qxd4 9. Nb5 Bxd2+ 10. Qxd2 Qxd2+ 11. Kxd2 Nd5 12. e4 c6 13. Nd6+
Ke7 14. Nxc8+ Raxc8 15. exd5 exd5 16. Bd3 g6 17. h4 Rhg8 18. Rae1+ Kd6 19. g3
Rce8 20. Rxe8 Rxe8 21. h5 b5 22. hxg6 hxg6 23. Rh7 Re7 24. Kc3 a5 25. Kd4 c5+
26. Kc3 b4+ 27. Kd2 c4 28. Bf1 Kc5 29. Rh8 Rc7 30. Ra8 Kb6 31. Bg2 1-0

[Event "Detroit (HPO/2/29)"]
[Site "?"]
[Date "1991.??.??"]
[Round "?"]
[White "Pettiford, Darnell"]
[Black "Imai, Toshio"]
[Result "0-1"]
[WhiteElo "1605"]
[BlackElo "1705"]
[PlyCount "72"]
[EventDate "1991.??.??"]

{2/(29)} 1. d4 Nf6 2. c4 e5 3. dxe5 Ng4 4. Nf3 Bc5 5. e3 Nc6 6. Be2 Ngxe5 7.
O-O Nxf3+ 8. Bxf3 Ne5 9. Be2 d6 10. Nc3 O-O 11. a3 a6 12. b4 Ba7 13. b5 axb5
14. cxb5 c6 15. a4 d5 16. Re1 Qh4 17. g3 Qh3 18. Bf1 Qf5 19. Be2 Be6 20. a5
Rfd8 21. b6 Bxb6 22. a6 bxa6 23. Rxa6 Rxa6 24. Bxa6 Nf3+ 25. Kg2 Nxe1+ 26. Qxe1
Qh3+ 27. Kg1 Ba5 28. Bd2 Bxc3 29. Bxc3 c5 30. Qa1 d4 31. exd4 Ra8 32. Qf1 Qh6
33. h4 Qf6 34. Qd3 Bf5 35. Qc4 cxd4 36. Bxd4 Qxa6 0-1

[Event "Flint (MEX/3)"]
[Site "?"]
[Date "1991.??.??"]
[Round "?"]
[White "Pence, Mark"]
[Black "Ward, Tom"]
[Result "0-1"]
[WhiteElo "2060"]
[BlackElo "2150"]
[PlyCount "60"]
[EventDate "1991.??.??"]

1. d4 Nf6 2. Nf3 e6 3. Bg5 c5 4. e3 Nc6 5. c3 d5 6. Bd3 Bd6 7. Nbd2 O-O 8. Qc2
h6 9. h4 cxd4 10. exd4 e5 11. dxe5 Re8 12. O-O-O Nxe5 13. Nxe5 Bxe5 14. Nf3 Bg4
15. Nxe5 Bxd1 16. Qxd1 Rxe5 17. Bf4 Re7 18. g4 Ne4 19. Be3 Rc8 20. Kb1 Rxc3 21.
Bd4 Rc6 22. f3 Nc5 23. Bb5 Rc8 24. g5 Qb6 25. Ba4 Qe6 26. gxh6 Nxa4 27. hxg7
Qe2 28. Qxe2 Rxe2 29. h5 Rce8 30. Rh3 Rd2 0-1

[Event "Detroit (HPO/1/22)"]
[Site "?"]
[Date "1991.??.??"]
[Round "?"]
[White "Peak, F."]
[Black "Thornton, Ivan"]
[Result "1/2-1/2"]
[WhiteElo "1920"]
[BlackElo "1605"]
[PlyCount "63"]
[EventDate "1991.??.??"]

{1/(22)} 1. e4 e5 2. Nf3 Nc6 3. Bb5 Qf6 4. O-O Bc5 5. Nc3 Nge7 6. d3 O-O 7. Be3
Nd4 8. Ne1 Bd6 9. Bc4 c6 10. a3 a5 11. a4 b6 12. Qd2 Bb4 13. f4 d5 14. fxe5
Qxe5 15. Bf4 Qh5 16. exd5 cxd5 17. Ba2 Bg4 18. Qe3 Nef5 19. Qd2 Rfe8 20. Kh1
Ne2 21. Nf3 Neg3+ 22. Kg1 Ne2+ 23. Kh1 Nxf4 24. Qxf4 Bd6 25. Qd2 Bxf3 26. h3
Ng3+ 27. Kg1 Nxf1 28. Rxf1 Bg4 29. hxg4 Qh2+ 30. Kf2 Qg3+ 31. Kg1 Qxg4 32. Rf3
1/2-1/2

[Event "Detroit (HPO/3/10)"]
[Site "?"]
[Date "1991.??.??"]
[Round "?"]
[White "Peak, F."]
[Black "Steen, Harold"]
[Result "1-0"]
[WhiteElo "1920"]
[BlackElo "1760"]
[PlyCount "65"]
[EventDate "1991.??.??"]

{3/(10)} 1. d4 Nf6 2. c4 g6 3. Nc3 Bg7 4. Nf3 O-O 5. e4 d6 6. Bf4 Bg4 7. Be2
Nbd7 8. h3 Bxf3 9. Bxf3 e5 10. Be3 c6 11. d5 Qc7 12. O-O a6 13. Rc1 c5 14. Qd2
Rab8 15. a4 Ne8 16. Bh6 f5 17. exf5 Rxf5 18. Bg4 Rf8 19. Be6+ Kh8 20. Bxg7+
Nxg7 21. Ne4 Nf6 22. Nxf6 Rxf6 23. Bg4 b5 24. axb5 axb5 25. b3 b4 26. f4 Rbf8
27. fxe5 dxe5 28. Rxf6 Rxf6 29. Qg5 Qd6 30. Ra1 Rf8 31. Ra7 h5 32. Qh6+ Kg8 33.
Qxg7# 1-0

[Event "Detroit (HPO/4/6)"]
[Site "?"]
[Date "1991.??.??"]
[Round "?"]
[White "Peak, F."]
[Black "Everett, Morgan"]
[Result "0-1"]
[WhiteElo "1920"]
[BlackElo "2130"]
[PlyCount "72"]
[EventDate "1991.??.??"]

{4/(6)} 1. d4 Nf6 2. c4 e6 3. Nc3 c5 4. d5 exd5 5. cxd5 d6 6. Nf3 g6 7. e4 Bg7
8. h3 O-O 9. Bd3 a6 10. a4 Nbd7 11. O-O Qe7 12. Be3 Rb8 13. a5 b5 14. axb6 Rxb6
15. Qd2 Re8 16. Ra2 Ne5 17. Nxe5 Qxe5 18. f4 Qe7 19. Rfa1 Nh5 20. Qf2 f5 21. e5
dxe5 22. Bxc5 Rd6 23. Bxd6 Qxd6 24. Bxa6 Bd7 25. Bc4 e4 26. Ra6 Qb4 27. Qf1
Qxb2 28. d6+ Kf8 29. Ne2 Qb4 30. Rc1 Bb2 31. Rc2 Rc8 32. g4 Rxc4 33. Rxc4 Qxc4
34. Ra8+ Kf7 35. gxh5 Bb5 36. Qd1 Qc5+ 0-1

[Event "Detroit (HPO/2/16)"]
[Site "?"]
[Date "1991.??.??"]
[Round "?"]
[White "Parker, Bernard"]
[Black "Repkin, Victor"]
[Result "1/2-1/2"]
[WhiteElo "1605"]
[BlackElo "2055"]
[PlyCount "114"]
[EventDate "1991.??.??"]

{2/(16)} 1. d4 e6 2. c4 f5 3. Nf3 Nf6 4. Bg5 Be7 5. e3 O-O 6. Bd3 b6 7. Nc3 Bb7
8. O-O Nc6 9. Rc1 h6 10. Bh4 g5 11. Bg3 g4 12. Ne5 Nxe5 13. dxe5 Nh7 14. Qe2
Qe8 15. Nb5 Bd8 16. c5 a6 17. Nd4 b5 18. Qc2 Bd5 19. f4 gxf3 20. Nxf3 Ng5 21.
Nxg5 Bxg5 22. Rce1 Bc6 23. a3 Qe7 24. Bf4 Rf7 25. Re2 Rg7 26. b4 Kh8 27. e4
Rag8 28. Rf3 Bxf4 29. Rxf4 Rg5 30. g3 Qg7 31. Rff2 Qxe5 32. exf5 Qa1+ 33. Qb1
Qxb1+ 34. Bxb1 exf5 35. Rxf5 Rxf5 36. Bxf5 Kg7 37. Bxd7 Bd5 38. c6 Kf6 39. Kf2
a5 40. Re8 Rxe8 41. Bxe8 axb4 42. axb4 Ke7 43. Bd7 Kd6 44. Ke3 Ke5 45. g4 Bf7
46. h4 Kd5 47. Kd3 Bg6+ 48. Bf5 Be8 49. g5 hxg5 50. hxg5 Kxc6 51. g6 Kd5 52. g7
Bf7 53. Bg6 Bg8 54. Be8 c5 55. Bxb5 Bh7+ 56. Kc3 cxb4+ 57. Kxb4 Ke5 1/2-1/2

[Event "Detroit (HPO/3/11)"]
[Site "?"]
[Date "1991.??.??"]
[Round "?"]
[White "Parker, Bernard"]
[Black "Golonka, Stan"]
[Result "0-1"]
[WhiteElo "1605"]
[BlackElo "2050"]
[PlyCount "110"]
[EventDate "1991.??.??"]

{3/(11)} 1. d4 Nf6 2. c4 c5 3. Nf3 e6 4. Nc3 cxd4 5. Nxd4 Be7 6. Bg5 d6 7. e3
O-O 8. Be2 a6 9. O-O Qc7 10. Rc1 Nc6 11. Bxf6 Bxf6 12. Nd5 exd5 13. cxd5 Qb6
14. dxc6 bxc6 15. Nxc6 Qxb2 16. Bf3 Be6 17. Qxd6 Rac8 18. Rb1 Qxa2 19. Rb7 Bc4
20. Rfb1 Bb5 21. Rd1 Qa4 22. Rb8 Bxc6 23. Rb4 Qc2 24. Bxc6 Qxc6 25. Qf4 Rcd8
26. Rf1 Qd6 27. Qg4 a5 28. Ra4 Bc3 29. g3 Bb4 30. Raa1 Qf6 31. Qc4 Rd2 32. Rac1
Qd6 33. h4 Qd3 34. Qc7 Bd6 35. Qxa5 Bxg3 36. fxg3 Qe2 37. Qxd2 Qxd2 38. Rce1
Re8 39. e4 h5 40. Rd1 Qe3+ 41. Kh2 Qxe4 42. Rf2 Qe3 43. Rdf1 f6 44. Rf3 Qd2+
45. R1f2 Re2 46. Kg2 Kf7 47. Rxe2 Qxe2+ 48. Rf2 Qe4+ 49. Kf1 Qh1+ 50. Ke2 Qg1
51. Rf3 Qg2+ 52. Ke3 Ke6 53. Kf4 g5+ 54. hxg5 fxg5+ 55. Ke4 g4 0-1

[Event "Flint (MEX/3)"]
[Site "?"]
[Date "1991.??.??"]
[Round "?"]
[White "Owens, James"]
[Black "Wilson, Vester"]
[Result "1-0"]
[WhiteElo "2060"]
[BlackElo "2085"]
[PlyCount "131"]
[EventDate "1991.??.??"]

1. e4 e5 2. Nf3 Nc6 3. Bc4 Nf6 4. Ng5 d5 5. exd5 Bg4 6. f3 Na5 7. d3 Bf5 8.
Bb5+ Bd7 9. Bxd7+ Qxd7 10. Bd2 Qxd5 11. Ne4 Nc6 12. Nbc3 Qe6 13. Be3 Bb4 14.
O-O Nd5 15. Nxd5 Qxd5 16. a3 Ba5 17. c4 Qd7 18. b4 Bxb4 19. axb4 Nxb4 20. Nc5
Qc6 21. Qb3 b6 22. Qxb4 bxc5 23. Qb5 Kd7 24. Ra6 Qxb5 25. cxb5 Rhb8 26. Rb1 Rb6
27. Bxc5 Rxa6 28. bxa6 Kc6 29. Be3 Rd8 30. Bxa7 Ra8 31. Rc1+ Kd7 32. Bc5 Rxa6
33. Rc2 Rc6 34. Rc1 Ra6 35. Bf8 g6 36. Rc2 c6 37. Kf2 Ra8 38. Bg7 Kd6 39. Re2
Ra5 40. Kg3 Rd5 41. Re3 f5 42. f4 exf4+ 43. Kxf4 h6 44. Bxh6 Rd4+ 45. Kf3 Rh4
46. Bf4+ Kd7 47. h3 Rh5 48. Re5 Rh8 49. Bg5 Kd6 50. Re7 Rh5 51. Kf4 Rh8 52. Rg7
Ra8 53. Rxg6+ Kd5 54. Be7 Ra2 55. Rd6+ Kc5 56. Kxf5 Rf2+ 57. Ke5 Re2+ 58. Kf6
Rxg2 59. Rd8+ Kb6 60. h4 Kc7 61. h5 Rf2+ 62. Kg6 Rg2+ 63. Bg5 Rxg5+ 64. Kxg5
Kxd8 65. h6 Ke7 66. h7 1-0

[Event "Detroit (HPO/2/9)"]
[Site "?"]
[Date "1991.??.??"]
[Round "?"]
[White "Owens, James"]
[Black "Rincon, Helio"]
[Result "1-0"]
[WhiteElo "2120"]
[BlackElo "1800"]
[PlyCount "39"]
[EventDate "1991.??.??"]

{2/(9)} 1. e4 Nc6 2. d4 d5 3. exd5 Qxd5 4. Nf3 Bg4 5. Be2 O-O-O 6. c4 Qd7 7. d5
Bxf3 8. Bxf3 Ne5 9. Be2 e6 10. Nc3 exd5 11. Nxd5 Qe6 12. Qc2 h5 13. O-O Ne7 14.
Nf4 Qf5 15. Qa4 N7c6 16. Nd5 Ng4 17. Bf4 Nd4 18. Rae1 Rxd5 19. cxd5 Nxe2+ 20.
Rxe2 1-0

[Event "Flint (MEX/2)"]
[Site "?"]
[Date "1991.??.??"]
[Round "?"]
[White "Owens, James"]
[Black "Hahn, David"]
[Result "0-1"]
[WhiteElo "2060"]
[BlackElo "2280"]
[PlyCount "88"]
[EventDate "1991.??.??"]

1. e4 g6 2. d4 Bg7 3. Nf3 d6 4. Bc4 c6 5. O-O Nf6 6. Bd3 O-O 7. h3 Nbd7 8. c3
Qc7 9. Be3 e5 10. Nbd2 Re8 11. Re1 b6 12. a4 Nf8 13. a5 b5 14. dxe5 dxe5 15.
Nb3 Ne6 16. Qc2 Nf4 17. Bf1 a6 18. Red1 Be6 19. Nc5 Nd7 20. b4 Nxc5 21. Bxc5
Rad8 22. Bb6 Rxd1 23. Rxd1 Qe7 24. Bc5 Qf6 25. Nh2 Rd8 26. Ng4 Bxg4 27. hxg4
Bf8 28. Bb6 Rxd1 29. Qxd1 Qd6 30. Qxd6 Bxd6 31. Be3 Ne6 32. f3 Kf8 33. Kf2 Ke7
34. g5 Kd7 35. g3 c5 36. Bd2 cxb4 37. cxb4 Nd4 38. Bd3 Nc6 39. f4 Bxb4 40. Ke2
Bxd2 41. Kxd2 Nxa5 42. Kc3 Kd6 43. Bb1 Kc5 44. Ba2 Nc4 0-1

[Event "Detroit (HPO/5/8)"]
[Site "?"]
[Date "1991.??.??"]
[Round "?"]
[White "Owens, James"]
[Black "Ghiata, Gheorghe"]
[Result "0-1"]
[WhiteElo "2120"]
[BlackElo "1920"]
[PlyCount "92"]
[EventDate "1991.??.??"]

{5/(8)} 1. e4 e5 2. Nc3 Nc6 3. Nf3 Nf6 4. Bb5 Nd4 5. Nxe5 Qe7 6. Nf3 Nxb5 7.
Nxb5 Qxe4+ 8. Qe2 Qxe2+ 9. Kxe2 Nd5 10. Re1 f6 11. d3 a6 12. Nbd4 c5 13. Nf5 d6
14. Ng3 g5 15. Bd2 Bg4 16. h3 Bd7 17. c4 Nf4+ 18. Bxf4 gxf4 19. Nh5 Kf7 20.
Nxf4 Bh6 21. Nd5 Rae8+ 22. Kf1 Bf5 23. Rxe8 Bxd3+ 24. Kg1 Rxe8 25. b3 b5 26.
cxb5 axb5 27. Rd1 Be2 28. Re1 Bxf3 29. Rxe8 Bxd5 30. Rb8 b4 31. f3 Be3+ 32. Kf1
Kg6 33. Ke2 Bf4 34. Kf2 Bf7 35. Rc8 Be5 36. Ke2 f5 37. g4 h5 38. gxf5+ Kxf5 39.
Rf8 Ke6 40. Ke3 d5 41. Rc8 d4+ 42. Kd3 Kd5 43. Rd8+ Bd6 44. f4 Bg6+ 45. Kd2 Ke6
46. f5+ Bxf5 0-1

[Event "Ann Arbor (MI Inv Pre/1)"]
[Site "?"]
[Date "1991.??.??"]
[Round "?"]
[White "O'Donnell, Robert"]
[Black "Poschel, Paul"]
[Result "1/2-1/2"]
[WhiteElo "2290"]
[BlackElo "2325"]
[PlyCount "126"]
[EventDate "1991.??.??"]

1. c4 e5 2. Nc3 Nf6 3. g3 Bb4 4. Bg2 O-O 5. d3 Re8 6. Bd2 c6 7. e4 d5 8. cxd5
Bxc3 9. Bxc3 cxd5 10. Ne2 Nc6 11. O-O Be6 12. Qb1 Qb6 13. b3 Rad8 14. Qb2 dxe4
15. dxe4 Nd7 16. Rad1 f6 17. Nc1 Bg4 18. Rd2 Nf8 19. Kh1 Ne6 20. f4 Rxd2 21.
Qxd2 Rd8 22. Qb2 exf4 23. gxf4 Qe3 24. f5 Nf4 25. Re1 Rd1 26. Rxd1 Bxd1 27. Qd2
Qxd2 28. Bxd2 Nxg2 29. Kxg2 Ne5 30. Kg3 Kf7 31. Kf4 g5+ 32. fxg6+ hxg6 33. h3
Ke6 34. Bc3 g5+ 35. Ke3 Ng6 36. Nd3 b6 37. Be1 Bh5 38. Bg3 Bd1 39. Bb8 a6 40.
Ba7 b5 41. Nc5+ Ke7 42. Nxa6 Nf4 43. h4 Ng2+ 44. Kd2 Bf3 45. hxg5 Bxe4 46.
gxf6+ Kxf6 47. Kc3 Nf4 48. Bd4+ Ke7 49. Kb4 Ne6 50. Bb6 Bd3 51. Ka5 Kd6 52. Bg1
Bf1 53. Kb6 Kd5 54. Nb4+ Ke4 55. Nc2 Bd3 56. Ne1 Be2 57. b4 Nd4 58. Bxd4 Kxd4
59. Ng2 Kc3 60. a3 Kb3 61. Kc5 Kxa3 62. Ne3 Ka4 63. Nd5 Bf1 1/2-1/2